Linear and interface integrated circuits.

Guardado en:
Autor Corporativo: Motorola Semiconductor Products Inc.
Formato: Libro
Idioma:English
Publicado: [Phoenix, Ariz.] : Motorola, 1983.
Series:Series ; D
Materias:
Etiquetas: Agregar Etiqueta
Sin Etiquetas, Sea el primero en etiquetar este registro!
LEADER 00589nam a22001695a 4500
001 EIQ.libpla003907
008 080408s1983####xx#a#####c####000#0#eng#d
005 20080408194723.0
245 1 0 |a Linear and interface integrated circuits. 
260 |a [Phoenix, Ariz.] :  |b Motorola,  |c 1983. 
300 |a 1v (en varias paginaciones) :  |b il. ;  |c 24 cm. 
490 0 |a Series ;  |v D 
650 4 |a Circuitos integrados  |x Catálogos. 
650 4 |a Integrated circuits  |x Catalogs. 
040 |a AR-BbSID  |b spa  |c AR-BbSID 
110 2 |a Motorola Semiconductor Products Inc. 
859 |a AR-BbSID  |b BIB. PLAPIQUI  |h 621.380  |i M 856  |p 2430